000 00334nam a2200157Ia 4500
003 OSt
005 20231226071049.0
008 170524s9999 xx 000 0 und d
020 _a9780195670929
040 _cIIMTU
100 _aMorthi- V.R.
245 0 _aPower Electronics
260 _bOxford
260 _c2010
942 _2ddc
_c02
999 _c5859
_d5859